| 000 | 00955cam a2200265 i 4500 | ||
|---|---|---|---|
| 999 |
_c328533 _d328533 |
||
| 001 | 2727168 | ||
| 003 | Nust | ||
| 005 | 20170411123632.0 | ||
| 008 | 780209s1977 enkabfj 001 1 eng | ||
| 010 | _a 77376277 | ||
| 015 | _aGB*** | ||
| 020 |
_a9780261102736 _c£4.95 |
||
| 040 |
_aDLC _cDLC _dDLC _dOCoLC _dDLC |
||
| 050 | 0 | 0 |
_aPZ3.T576 _bSi _aPR6039.O32 |
| 082 | 0 | 0 |
_a823.912 _bTOL |
| 100 | 1 |
_aTolkien, J. R. R. _q(John Ronald Reuel), _d1892-1973. |
|
| 245 | 1 | 4 |
_aThe Silmarillion / _cJ.R.R. Tolkien ; edited by Christopher Tolkien. |
| 260 |
_aLondon ; _aBoston : _bAllen & Unwin, _c1977. |
||
| 300 |
_a443 p.: _bill., geneal. tables, maps (1 fold.) ; _c23 cm. |
||
| 500 | _aIncludes index. | ||
| 650 | 0 |
_aMiddle Earth (Imaginary place) _xFiction. |
|
| 650 | 0 | _aFantasy fiction, English. | |
| 700 | 1 | _aTolkien, Christopher. | |
| 906 |
_a7 _bcbc _corignew _d3 _encip _f19 _gy-gencatlg |
||
| 942 |
_2ddc _cBK |
||